00826nam a2200205 a 4500008004100000020000800041041000800049100002400057245007900081250003600160260003500196300001100231500011400242653002400356653002400380653004500404653005400449653004800503653006900551170302t1979 ag ||||f |||| 001 0 spa d aS/N aspa1 aKalinowski, Georges 3aEl problema de la verdad en la moral y en el derecho /cGeorges Kalinowski a1a ed.bTraduccion Enrique Mari aBuenos Aires: bEUDEBA;c1979. a173 p. aKalinowski, G. (1979). El problema de la verdad en la moral y en el derecho. (1a ed.). Buenos Aires : EUDEBA. aPartidiarios del no aSostenedores del si aProposiciones morales y normas juridicas aVerdad y verificacion de las estimaciones morales aVerdad y verificacion de las normas morales aValor logico y justificacion racional de los imperativos morales